| 000 | 00848cam a2200265 a 4500 | ||
|---|---|---|---|
| 001 | 000013573 | ||
| 005 | 20250527113225.0 | ||
| 008 | 841030s1985 txua 001 0 eng | ||
| 010 | _a84072991 | ||
| 020 | _a0256033102 | ||
| 040 |
_aDO-SdBNP _cDLC _dDLC |
||
| 082 |
_a338.502458 _bS728m |
||
| 100 | 1 |
_aSouthwick, Lawrence, _d1912- _930949 |
|
| 245 | 1 | 0 |
_aManagerial economics / _cLawrence Southwick, Jr. |
| 260 |
_aPlano, Tex. : _bBusiness Publications, _c1985. |
||
| 300 |
_axiii, 730 p. : _bil. ; _c24 cm. |
||
| 504 | _aIncluye bibliografía : p. 708-710. | ||
| 504 | _aIncluye ídice y glosario. | ||
| 504 | _aIncluye referencia al pie de páginas | ||
| 650 | 4 |
_aEconomía gerencial. _98305 |
|
| 650 | 0 |
_aMicroeconomía _922953 |
|
| 650 | 0 |
_aAdministración industrial _95872 |
|
| 910 | _aCatalogación por copia / LC | ||
| 049 | _aBNGR | ||
| 999 |
_c13194 _d13194 |
||